[Event "29. Klatovy A 2023"]
[Site "Klatovy"]
[Date "2023.07.03"]
[Round "3.12"]
[White "Novak, Vaclav2"]
[Black "Skypala, Ondrej"]
[Result "0-1"]
[WhiteElo "1948"]
[BlackElo "2163"]
[PlyCount "72"]
[EventDate "2023.07.01"]
[EventType "swiss"]
[EventRounds "9"]
[EventCountry "CZE"]
[TimeControl "120+30"]

1. e4 {[%emt 0:01:00]} c5 {[%emt 0:00:15]} 2. Nf3 {[%emt 0:00:06]} Nc6 {[%emt 0:00:12]} 3. d4 {[%emt 0:00:40]} cxd4 {[%emt 0:00:07]} 4. Nxd4 {[%emt 0:00:13]} Nf6 {[%emt 0:00:06]} 5. Nc3 {[%emt 0:00:10]} e5 {[%emt 0:00:09]} 6. Ndb5 {[%emt 0:00:26]} d6 {[%emt 0:00:08]} 7. Bg5 {[%emt 0:01:40]} a6 {[%emt 0:01:06]} 8. Bxf6 {[%emt 0:02:39]} gxf6 {[%emt 0:00:09]} 9. Na3 {[%emt 0:00:06]} b5 {[%emt 0:04:50]} 10. Nd5 {[%emt 0:03:20]} f5 {[%emt 0:04:31]} 11. Bd3 {[%emt 0:09:39]} Bg7 {[%emt 0:00:13]} 12. f3 {[%emt 0:03:29]} O-O {[%emt 0:03:36]} 13. O-O {[%emt 0:00:30]} Be6 {[%emt 0:06:25]} 14. c4 {[%emt 0:05:38]} bxc4 {[%emt 0:04:06]} 15. Bxc4 {[%emt 0:00:09]} Rb8 {[%emt 0:01:27]} 16. Rb1 {[%emt 0:01:42]} Kh8 {[%emt 0:04:58]} 17. Kh1 {[%emt 0:03:50]} fxe4 {[%emt 0:03:16]} 18. fxe4 {[%emt 0:00:17]} Qh4 {[%emt 0:00:43]} 19. Nc3 {[%emt 0:09:03]} Nd4 {[%emt 0:00:45]} 20. Qd3 {[%emt 0:07:37]} Bh6 {[%emt 0:04:25]} 21. b3 {[%emt 0:14:49]} Rg8 {[%emt 0:04:10]} 22. g3 {[%emt 0:08:46]} Qh3 {[%emt 0:05:23]} 23. Bxe6 {[%emt 0:02:28]} fxe6 {[%emt 0:00:06]} 24. Rf2 {[%emt 0:00:28]} Rbf8 {[%emt 0:02:14]} 25. Rbf1 {[%emt 0:00:43]} Rxf2 {[%emt 0:00:19]} 26. Rxf2 {[%emt 0:00:00]} Bf4 {[%emt 0:00:16]} 27. Rg2 {[%emt 0:02:05]} Rxg3 {[%emt 0:00:10]} 28. Rxg3 {[%emt 0:00:27]} Bxg3 {[%emt 0:00:06]} 29. Qxg3 {[%emt 0:03:55]} Qf1+ {[%emt 0:00:09]} 30. Qg1 {[%emt 0:00:10]} Qf3+ {[%emt 0:00:07]} 31. Qg2 {[%emt 0:00:06]} Qxc3 {[%emt 0:00:07]} 32. Qf2 {[%emt 0:03:25]} Qf3+ {[%emt 0:01:38]} 33. Qxf3 {[%emt 0:03:16]} Nxf3 {[%emt 0:00:08]} 34. Nc4 {[%emt 0:00:02]} d5 {[%emt 0:00:09]} 35. Kg2 {[%emt 0:00:07]} Nh4+ {[%emt 0:01:02]} 36. Kg3 {[%emt 0:01:02]} dxc4 {[%emt 0:00:05]} 0-1

[Event "29. Klatovy A 2023"]
[Site "Klatovy"]
[Date "2023.07.03"]
[Round "3.13"]
[White "Lhotsky, Zdenek"]
[Black "Jordanov, Mihail"]
[Result "0-1"]
[WhiteElo "1840"]
[BlackElo "2140"]
[PlyCount "64"]
[EventDate "2023.07.01"]
[EventType "swiss"]
[EventRounds "9"]
[EventCountry "CZE"]
[TimeControl "120+30"]

1. e4 {[%emt 0:12:39]} e5 {[%emt 0:00:09]} 2. Nf3 {[%emt 0:00:07]} Nc6 {[%emt 0:00:07]} 3. Bb5 {[%emt 0:00:13]} a6 {[%emt 0:00:14]} 4. Ba4 {[%emt 0:00:05]} Nf6 {[%emt 0:00:24]} 5. Qe2 {[%emt 0:00:23]} b5 {[%emt 0:01:17]} 6. Bb3 {[%emt 0:00:08]} Be7 {[%emt 0:00:30]} 7. c3 {[%emt 0:01:27]} O-O {[%emt 0:01:26]} 8. O-O {[%emt 0:01:28]} d6 {[%emt 0:02:03]} 9. Rd1 {[%emt 0:01:24]} Na5 {[%emt 0:02:20]} 10. Bc2 {[%emt 0:01:33]} c5 {[%emt 0:00:17]} 11. d4 {[%emt 0:01:34]} Qc7 {[%emt 0:00:59]} 12. d5 {[%emt 0:03:14]} Bd7 {[%emt 0:01:15]} 13. b3 {[%emt 0:03:14]} Ne8 {[%emt 0:04:31]} 14. a4 {[%emt 0:05:45]} b4 {[%emt 0:22:49]} 15. Bd2 {[%emt 0:17:43]} bxc3 {[%emt 0:04:24]} 16. Bxc3 {[%emt 0:00:22]} g6 {[%emt 0:00:51]} 17. Na3 {[%emt 0:05:01]} Ng7 {[%emt 0:02:59]} 18. Qd2 {[%emt 0:05:13]} Nb7 {[%emt 0:01:16]} 19. Nc4 {[%emt 0:00:39]} Qd8 {[%emt 0:01:04]} 20. Qh6 {[%emt 0:07:42]} f5 {[%emt 0:18:54]} 21. h4 {[%emt 0:34:01]} fxe4 {[%emt 0:12:00]} 22. Bxe4 {[%emt 0:00:29]} Nf5 {[%emt 0:01:27]} 23. Bxf5 {[%emt 0:00:29]} Rxf5 {[%emt 0:00:36]} 24. Nfxe5 {[%emt 0:01:36]} dxe5 {[%emt 0:02:38]} 25. g4 {[%emt 0:00:28]} Rf3 {[%emt 0:09:28]} 26. Bxe5 {[%emt 0:00:55]} Bf8 {[%emt 0:00:30]} 27. Qd2 {[%emt 0:01:59]} Qxh4 {[%emt 0:01:08]} 28. Ne3 {[%emt 0:00:49]} Re8 {[%emt 0:06:44]} 29. Bg3 {[%emt 0:00:42]} Rxg3+ {[%emt 0:01:12]} 30. fxg3 {[%emt 0:00:07]} Qxg3+ {[%emt 0:00:10]} 31. Ng2 {[%emt 0:00:02]} Bg7 {[%emt 0:04:12]} 32. Rac1 {[%emt 0:00:32]} Bd4+ {[%emt 0:00:14]} 0-1

[Event "29. Klatovy A 2023"]
[Site "Klatovy"]
[Date "2023.07.03"]
[Round "3.14"]
[White "Folk, Petr"]
[Black "Polak, Michal 2002"]
[Result "0-1"]
[WhiteElo "2135"]
[BlackElo "1959"]
[PlyCount "86"]
[EventDate "2023.07.01"]
[EventType "swiss"]
[EventRounds "9"]
[EventCountry "CZE"]
[TimeControl "120+30"]

1. e4 {[%emt 0:00:03]} e5 {[%emt 0:00:05]} 2. Nf3 {[%emt 0:00:05]} Nc6 {[%emt 0:00:05]} 3. d4 {[%emt 0:00:11]} exd4 {[%emt 0:00:15]} 4. Bc4 {[%emt 0:00:08]} Nf6 {[%emt 0:00:19]} 5. e5 {[%emt 0:00:16]} d5 {[%emt 0:00:05]} 6. Bb5 {[%emt 0:00:07]} Ne4 {[%emt 0:00:07]} 7. Nxd4 {[%emt 0:00:07]} Bd7 {[%emt 0:00:07]} 8. Bxc6 {[%emt 0:00:09]} bxc6 {[%emt 0:00:05]} 9. O-O {[%emt 0:00:19]} Bc5 {[%emt 0:00:09]} 10. f3 {[%emt 0:00:39]} Ng5 {[%emt 0:00:13]} 11. f4 {[%emt 0:00:08]} Ne4 {[%emt 0:00:08]} 12. Be3 {[%emt 0:00:06]} O-O {[%emt 0:00:42]} 13. Nd2 {[%emt 0:01:19]} Nxd2 {[%emt 0:01:16]} 14. Qxd2 {[%emt 0:02:31]} Qe7 {[%emt 0:01:22]} 15. Nb3 {[%emt 0:04:49]} Bb6 {[%emt 0:00:58]} 16. Qc3 {[%emt 0:11:55]} f6 {[%emt 0:00:58]} 17. Bc5 {[%emt 0:04:33]} fxe5 {[%emt 0:02:06]} 18. fxe5 {[%emt 0:00:33]} Rxf1+ {[%emt 0:00:26]} 19. Rxf1 {[%emt 0:00:38]} Rf8 {[%emt 0:00:22]} 20. Rxf8+ {[%emt 0:26:17]} Qxf8 {[%emt 0:00:15]} 21. Qd4 {[%emt 0:01:47]} Qf5 {[%emt 0:12:14]} 22. Qf2 {[%emt 0:02:53]} Kf7 {[%emt 0:09:56]} 23. a4 {[%emt 0:03:51]} Qxf2+ {[%emt 0:15:13]} 24. Kxf2 {[%emt 0:14:42]} a5 {[%emt 0:14:43]} 25. Ke3 {[%emt 0:06:16]} Ke6 {[%emt 0:16:23]} 26. Kd4 {[%emt 0:04:39]} Be8 {[%emt 0:01:14]} 27. Nd2 {[%emt 0:10:24]} Bg6 {[%emt 0:15:09]} 28. c3 {[%emt 0:01:46]} Bc2 {[%emt 0:03:24]} 29. Nf3 {[%emt 0:01:58]} h6 {[%emt 0:01:53]} 30. Ne1 {[%emt 0:02:21]} Bxa4 {[%emt 0:03:36]} 31. b4 {[%emt 0:03:23]} Bb5 {[%emt 0:03:09]} 32. bxa5 {[%emt 0:01:06]} Bxa5 {[%emt 0:00:05]} 33. Nd3 {[%emt 0:02:51]} Bxd3 {[%emt 0:11:05]} 34. Kxd3 {[%emt 0:00:01]} Bb6 {[%emt 0:00:21]} 35. Bf8 {[%emt 0:00:54]} Kf7 {[%emt 0:00:07]} 36. Ba3 {[%emt 0:00:23]} Bg1 {[%emt 0:03:32]} 37. h3 {[%emt 0:00:36]} c5 {[%emt 0:00:36]} 38. Bc1 {[%emt 0:01:04]} Ke6 {[%emt 0:01:39]} 39. Bf4 {[%emt 0:00:35]} c4+ {[%emt 0:00:31]} 40. Ke2 {[%emt 0:00:32]} Bb6 {[%emt 0:00:25]} 41. Kf3 {[%emt 0:00:51]} c6 {[%emt 0:01:45]} 42. h4 {[%emt 0:01:58]} h5 {[%emt 0:01:08]} 43. g4 {[%emt 0:00:20]} g6 {[%emt 0:00:42]} 0-1

[Event "29. Klatovy A 2023"]
[Site "Klatovy"]
[Date "2023.07.03"]
[Round "3.15"]
[White "Ret, Adam Josef"]
[Black "Mametev, Artem"]
[Result "1-0"]
[WhiteElo "2133"]
[BlackElo "1991"]
[PlyCount "173"]
[EventDate "2023.07.01"]
[EventType "swiss"]
[EventRounds "9"]
[EventCountry "CZE"]
[TimeControl "120+30"]

1. c4 {[%emt 0:00:01]} Nf6 {[%emt 0:00:04]} 2. g3 {[%emt 0:00:03]} g6 {[%emt 0:00:06]} 3. Bg2 {[%emt 0:00:04]} Bg7 {[%emt 0:00:08]} 4. Nc3 {[%emt 0:00:49]} O-O {[%emt 0:00:11]} 5. Nf3 {[%emt 0:00:04]} d6 {[%emt 0:00:05]} 6. d4 {[%emt 0:00:11]} Nbd7 {[%emt 0:00:21]} 7. O-O {[%emt 0:00:07]} e5 {[%emt 0:00:05]} 8. e3 {[%emt 0:00:07]} c6 {[%emt 0:01:24]} 9. b3 {[%emt 0:00:29]} Re8 {[%emt 0:00:20]} 10. Bb2 {[%emt 0:00:39]} Qe7 {[%emt 0:04:59]} 11. Qc2 {[%emt 0:01:45]} a6 {[%emt 0:01:21]} 12. Ba3 {[%emt 0:07:17]} Rb8 {[%emt 0:23:37]} 13. Rad1 {[%emt 0:11:45]} c5 {[%emt 0:00:44]} 14. dxe5 {[%emt 0:01:41]} Nxe5 {[%emt 0:01:10]} 15. Nxe5 {[%emt 0:02:28]} Qxe5 {[%emt 0:00:11]} 16. Bb2 {[%emt 0:02:36]} Qe7 {[%emt 0:22:50]} 17. Rd2 {[%emt 0:18:35]} Bf5 {[%emt 0:04:50]} 18. Qd1 {[%emt 0:01:58]} Rbd8 {[%emt 0:02:34]} 19. Qa1 {[%emt 0:01:28]} Be6 {[%emt 0:16:40]} 20. Ne2 {[%emt 0:13:35]} Nh5 {[%emt 0:03:36]} 21. Bxg7 {[%emt 0:05:48]} Nxg7 {[%emt 0:00:07]} 22. Bf3 {[%emt 0:02:20]} b5 {[%emt 0:03:02]} 23. cxb5 {[%emt 0:02:06]} axb5 {[%emt 0:00:06]} 24. Nc3 {[%emt 0:00:34]} b4 {[%emt 0:02:04]} 25. Ne4 {[%emt 0:04:21]} Kh8 {[%emt 0:02:53]} 26. Rfd1 {[%emt 0:01:15]} Bg4 {[%emt 0:03:12]} 27. Bxg4 {[%emt 0:11:44]} Qxe4 {[%emt 0:00:05]} 28. Bh3 {[%emt 0:00:43]} Qe7 {[%emt 0:01:15]} 29. a3 {[%emt 0:00:39]} bxa3 {[%emt 0:01:14]} 30. Qxa3 {[%emt 0:02:19]} Ne6 {[%emt 0:04:58]} 31. Qa6 {[%emt 0:01:39]} Ng5 {[%emt 0:00:35]} 32. Bg2 {[%emt 0:00:34]} Ne4 {[%emt 0:01:26]} 33. Bxe4 {[%emt 0:01:13]} Qxe4 {[%emt 0:00:03]} 34. Rxd6 {[%emt 0:00:12]} Rxd6 {[%emt 0:00:40]} 35. Qxd6 {[%emt 0:00:09]} c4 {[%emt 0:03:03]} 36. bxc4 {[%emt 0:03:45]} Qxc4 {[%emt 0:00:09]} 37. Qd4+ {[%emt 0:06:21]} Qxd4 {[%emt 0:00:05]} 38. exd4 {[%emt 0:00:04]} Kg7 {[%emt 0:01:46]} 39. Kg2 {[%emt 0:01:13]} Kf6 {[%emt 0:01:25]} 40. Rd3 {[%emt 0:00:22]} Ra8 {[%emt 0:03:18]} 41. Kf3 {[%emt 0:00:20]} Ke6 {[%emt 0:01:12]} 42. Re3+ {[%emt 0:06:18]} Kd6 {[%emt 0:00:57]} 43. g4 {[%emt 0:03:11]} Ra4 {[%emt 0:02:12]} 44. Ke4 {[%emt 0:00:31]} f5+ {[%emt 0:01:08]} 45. gxf5 {[%emt 0:00:09]} gxf5+ {[%emt 0:00:04]} 46. Kxf5 {[%emt 0:00:43]} Rxd4 {[%emt 0:00:36]} 47. Rh3 {[%emt 0:00:46]} Rd5+ {[%emt 0:01:51]} 48. Kg4 {[%emt 0:00:48]} Ke6 {[%emt 0:00:45]} 49. Rxh7 {[%emt 0:00:11]} Kf6 {[%emt 0:00:10]} 50. f4 {[%emt 0:00:34]} Kg6 {[%emt 0:02:52]} 51. Rc7 {[%emt 0:00:22]} Rg5+ {[%emt 0:00:29]} 52. Kf3 {[%emt 0:03:01]} Rb5 {[%emt 0:00:44]} 53. Rc8 {[%emt 0:01:55]} Kf5 {[%emt 0:02:34]} 54. Rf8+ {[%emt 0:00:14]} Kg6 {[%emt 0:00:03]} 55. Kg4 {[%emt 0:01:15]} Rb2 {[%emt 0:03:47]} 56. h3 {[%emt 0:02:45]} Rg2+ {[%emt 0:00:44]} 57. Kf3 {[%emt 0:00:08]} Ra2 {[%emt 0:00:25]} 58. Rg8+ {[%emt 0:03:51]} Kf6 {[%emt 0:01:26]} 59. Rg2 {[%emt 0:00:47]} Ra3+ {[%emt 0:01:21]} 60. Kg4 {[%emt 0:00:03]} Ra7 {[%emt 0:00:28]} 61. Rd2 {[%emt 0:01:00]} Rg7+ {[%emt 0:00:17]} 62. Kf3 {[%emt 0:00:08]} Rh7 {[%emt 0:00:35]} 63. Rh2 {[%emt 0:01:49]} Kf5 {[%emt 0:01:07]} 64. h4 {[%emt 0:00:18]} Ra7 {[%emt 0:00:34]} 65. Re2 {[%emt 0:00:02]} Ra1 {[%emt 0:02:12]} 66. Re5+ {[%emt 0:01:40]} Kf6 {[%emt 0:00:07]} 67. Kg4 {[%emt 0:00:30]} Rg1+ {[%emt 0:01:06]} 68. Kh5 {[%emt 0:00:01]} Rf1 {[%emt 0:00:54]} 69. Re4 {[%emt 0:01:25]} Kf5 {[%emt 0:00:17]} 70. Re8 {[%emt 0:00:34]} Kf6 {[%emt 0:03:20]} 71. Kh6 {[%emt 0:00:21]} Kf7 {[%emt 0:00:48]} 72. Re4 {[%emt 0:00:04]} Rb1 {[%emt 0:02:12]} 73. h5 {[%emt 0:00:21]} Kf6 {[%emt 0:00:47]} 74. Ra4 {[%emt 0:00:33]} Rb6 {[%emt 0:00:08]} 75. Ra5 {[%emt 0:00:20]} Rb7 {[%emt 0:01:07]} 76. Rg5 {[%emt 0:01:08]} Rb4 {[%emt 0:00:36]} 77. Rg8 {[%emt 0:01:24]} Kf7 {[%emt 0:00:20]} 78. Rg4 {[%emt 0:00:06]} Kf6 {[%emt 0:00:20]} 79. Kh7 {[%emt 0:00:48]} Kf5 {[%emt 0:00:31]} 80. Rg7 {[%emt 0:01:24]} Kxf4 {[%emt 0:00:42]} 81. h6 {[%emt 0:00:32]} Kf5 {[%emt 0:00:31]} 82. Rf7+ {[%emt 0:00:28]} Ke6 {[%emt 0:00:16]} 83. Kg7 {[%emt 0:00:12]} Rg4+ {[%emt 0:00:32]} 84. Kf8 {[%emt 0:00:09]} Rh4 {[%emt 0:00:27]} 85. h7 {[%emt 0:00:02]} Rh1 {[%emt 0:01:40]} 86. Kg8 {[%emt 0:00:26]} Rh2 {[%emt 0:00:44]} 87. Rg7 {[%emt 0:00:10]} 1-0

[Event "29. Klatovy A 2023"]
[Site "Klatovy"]
[Date "2023.07.03"]
[Round "3.16"]
[White "Pycha, Patrik"]
[Black "Roubal, Matyas"]
[Result "1-0"]
[WhiteElo "2058"]
[BlackElo "1886"]
[PlyCount "103"]
[EventDate "2023.07.01"]
[EventType "swiss"]
[EventRounds "9"]
[EventCountry "CZE"]
[TimeControl "120+30"]

1. e4 {[%emt 0:00:02]} c5 {[%emt 0:00:06]} 2. Nf3 {[%emt 0:00:06]} Nc6 {[%emt 0:00:09]} 3. Bb5 {[%emt 0:00:04]} g6 {[%emt 0:00:07]} 4. Bxc6 {[%emt 0:00:05]} bxc6 {[%emt 0:00:09]} 5. O-O {[%emt 0:00:16]} Bg7 {[%emt 0:00:11]} 6. Re1 {[%emt 0:00:13]} Nh6 {[%emt 0:00:43]} 7. c3 {[%emt 0:00:39]} O-O {[%emt 0:00:19]} 8. d4 {[%emt 0:00:20]} cxd4 {[%emt 0:00:09]} 9. cxd4 {[%emt 0:00:06]} d5 {[%emt 0:00:22]} 10. e5 {[%emt 0:01:36]} f6 {[%emt 0:00:28]} 11. e6 {[%emt 0:02:03]} Nf5 {[%emt 0:04:20]} 12. Nc3 {[%emt 0:02:13]} Nd6 {[%emt 0:02:40]} 13. b3 {[%emt 0:02:19]} f5 {[%emt 0:18:23]} 14. Ne5 {[%emt 0:12:36]} Qe8 {[%emt 0:03:36]} 15. Na4 {[%emt 0:02:20]} Nb7 {[%emt 0:09:45]} 16. Ba3 {[%emt 0:03:54]} Bxe6 {[%emt 0:03:27]} 17. Rc1 {[%emt 0:03:47]} Rc8 {[%emt 0:02:07]} 18. Nf3 {[%emt 0:02:08]} Nd8 {[%emt 0:01:13]} 19. Rc2 {[%emt 0:17:36]} Rf6 {[%emt 0:08:30]} 20. Qc1 {[%emt 0:02:38]} Rc7 {[%emt 0:03:59]} 21. Rce2 {[%emt 0:00:37]} Bf8 {[%emt 0:04:12]} 22. Qf4 {[%emt 0:01:40]} Qd7 {[%emt 0:02:30]} 23. Nc5 {[%emt 0:01:28]} Qc8 {[%emt 0:01:26]} 24. Nxe6 {[%emt 0:00:19]} Nxe6 {[%emt 0:00:45]} 25. Rxe6 {[%emt 0:00:09]} Rxe6 {[%emt 0:00:02]} 26. Rxe6 {[%emt 0:00:08]} Qxe6 {[%emt 0:00:04]} 27. Qxc7 {[%emt 0:00:07]} Qe2 {[%emt 0:00:03]} 28. Qe5 {[%emt 0:01:14]} Qxa2 {[%emt 0:00:06]} 29. Qe6+ {[%emt 0:01:06]} Kg7 {[%emt 0:01:31]} 30. Bc5 {[%emt 0:00:09]} Qxb3 {[%emt 0:00:55]} 31. h4 {[%emt 0:00:18]} Qb1+ {[%emt 0:00:31]} 32. Kh2 {[%emt 0:00:08]} Qe4 {[%emt 0:00:03]} 33. Qxc6 {[%emt 0:03:47]} Qf4+ {[%emt 0:04:41]} 34. Kh1 {[%emt 0:00:16]} Qc1+ {[%emt 0:00:03]} 35. Ng1 {[%emt 0:00:07]} Qf4 {[%emt 0:00:08]} 36. g3 {[%emt 0:05:06]} Qxf2 {[%emt 0:00:32]} 37. Qc7 {[%emt 0:01:40]} Kf7 {[%emt 0:01:47]} 38. Qe5 {[%emt 0:02:15]} Ke8 {[%emt 0:01:09]} 39. Bxa7 {[%emt 0:00:53]} Bh6 {[%emt 0:00:42]} 40. Bc5 {[%emt 0:00:32]} Bf8 {[%emt 0:00:57]} 41. Ba3 {[%emt 0:12:19]} Qa2 {[%emt 0:02:22]} 42. Bc1 {[%emt 0:01:24]} Kf7 {[%emt 0:02:42]} 43. Nf3 {[%emt 0:01:14]} h6 {[%emt 0:04:52]} 44. h5 {[%emt 0:01:15]} Qb3 {[%emt 0:00:49]} 45. hxg6+ {[%emt 0:00:26]} Ke8 {[%emt 0:00:05]} 46. Qe2 {[%emt 0:02:44]} Qb1 {[%emt 0:00:23]} 47. Qd1 {[%emt 0:04:44]} Qe4 {[%emt 0:00:44]} 48. Bf4 {[%emt 0:00:23]} e5 {[%emt 0:02:30]} 49. Bxe5 {[%emt 0:01:01]} Ke7 {[%emt 0:00:32]} 50. g7 {[%emt 0:00:38]} Qg4 {[%emt 0:00:04]} 51. gxf8=Q+ {[%emt 0:00:25]} Kxf8 {[%emt 0:00:05]} 52. Kg2 {[%emt 0:00:10]} 1-0

[Event "29. Klatovy A 2023"]
[Site "Klatovy"]
[Date "2023.07.03"]
[Round "3.17"]
[White "Stary, Vojtech"]
[Black "Pecka, Jan"]
[Result "1-0"]
[WhiteElo "1822"]
[BlackElo "2054"]
[PlyCount "71"]
[EventDate "2023.07.01"]
[EventType "swiss"]
[EventRounds "9"]
[EventCountry "CZE"]
[TimeControl "120+30"]

1. e4 {[%emt 0:00:02]} c5 {[%emt 0:00:03]} 2. Nf3 {[%emt 0:00:07]} Nc6 {[%emt 0:00:10]} 3. d4 {[%emt 0:00:20]} cxd4 {[%emt 0:00:03]} 4. Nxd4 {[%emt 0:00:06]} Nf6 {[%emt 0:00:03]} 5. Nc3 {[%emt 0:00:13]} e5 {[%emt 0:00:05]} 6. Ndb5 {[%emt 0:00:07]} d6 {[%emt 0:00:16]} 7. Bg5 {[%emt 0:00:15]} a6 {[%emt 0:00:05]} 8. Na3 {[%emt 0:00:05]} b5 {[%emt 0:00:03]} 9. Nd5 {[%emt 0:00:20]} Be7 {[%emt 0:00:03]} 10. Bxf6 {[%emt 0:00:18]} Bxf6 {[%emt 0:00:06]} 11. c3 {[%emt 0:00:21]} O-O {[%emt 0:00:07]} 12. Nc2 {[%emt 0:00:07]} Rb8 {[%emt 0:00:04]} 13. a4 {[%emt 0:07:26]} bxa4 {[%emt 0:00:41]} 14. Rxa4 {[%emt 0:01:47]} a5 {[%emt 0:01:04]} 15. b4 {[%emt 0:03:46]} axb4 {[%emt 0:03:18]} 16. cxb4 {[%emt 0:01:59]} Bg5 {[%emt 0:02:30]} 17. Be2 {[%emt 0:03:46]} Kh8 {[%emt 0:00:40]} 18. O-O {[%emt 0:01:44]} f5 {[%emt 0:00:16]} 19. b5 {[%emt 0:02:27]} Ne7 {[%emt 0:01:45]} 20. Ncb4 {[%emt 0:05:01]} Bb7 {[%emt 0:04:41]} 21. Nxe7 {[%emt 0:02:19]} Bxe7 {[%emt 0:04:08]} 22. Nc6 {[%emt 0:04:12]} Bxc6 {[%emt 0:00:07]} 23. bxc6 {[%emt 0:00:07]} Rb2 {[%emt 0:02:01]} 24. exf5 {[%emt 0:04:10]} d5 {[%emt 0:00:56]} 25. Ba6 {[%emt 0:06:35]} Rb6 {[%emt 0:06:34]} 26. Bb7 {[%emt 0:01:33]} d4 {[%emt 0:05:19]} 27. Ra8 {[%emt 0:04:30]} Qc7 {[%emt 0:01:13]} 28. Qa4 {[%emt 0:02:14]} Rxb7 {[%emt 0:09:24]} 29. cxb7 {[%emt 0:01:02]} Qxb7 {[%emt 0:00:07]} 30. Rxf8+ {[%emt 0:01:46]} Bxf8 {[%emt 0:00:04]} 31. Qe8 {[%emt 0:01:10]} Qe7 {[%emt 0:03:36]} 32. Qxe7 {[%emt 0:00:27]} Bxe7 {[%emt 0:00:00]} 33. Re1 {[%emt 0:01:33]} Bf6 {[%emt 0:01:31]} 34. f4 {[%emt 0:00:32]} e4 {[%emt 0:00:23]} 35. Rxe4 {[%emt 0:00:19]} Kg8 {[%emt 0:00:14]} 36. g4 {[%emt 0:01:21]} 1-0

[Event "29. Klatovy A 2023"]
[Site "Klatovy"]
[Date "2023.07.03"]
[Round "3.18"]
[White "Zhang, Michelle 2013"]
[Black "Novotny, David"]
[Result "1/2-1/2"]
[WhiteElo "1724"]
[BlackElo "2034"]
[PlyCount "60"]
[EventDate "2023.07.01"]
[EventType "swiss"]
[EventRounds "9"]
[EventCountry "CZE"]
[TimeControl "120+30"]

1. e4 {[%emt 0:00:02]} c5 {[%emt 0:00:06]} 2. Nf3 {[%emt 0:00:14]} Nc6 {[%emt 0:00:06]} 3. d4 {[%emt 0:00:43]} cxd4 {[%emt 0:00:00]} 4. Nxd4 {[%emt 0:00:23]} g6 {[%emt 0:00:15]} 5. Nc3 {[%emt 0:01:48]} Bg7 {[%emt 0:00:27]} 6. Be3 {[%emt 0:00:48]} Nf6 {[%emt 0:00:22]} 7. Be2 {[%emt 0:02:07]} O-O {[%emt 0:01:08]} 8. O-O {[%emt 0:00:00]} d5 {[%emt 0:01:07]} 9. exd5 {[%emt 0:00:00]} Nb4 {[%emt 0:05:30]} 10. Qd2 {[%emt 0:00:00]} Nbxd5 {[%emt 0:10:47]} 11. Nxd5 Nxd5 12. Rad1 Nxe3 {[%emt 0:00:00]} 13. Qxe3 {[%emt 0:00:00]} Qb6 {[%emt 0:14:44]} 14. b3 {[%emt 0:00:00]} a6 {[%emt 1:03:53]} 15. c4 {[%emt 0:00:00]} Qf6 {[%emt 0:42:17]} 16. Bf3 Rb8 17. Rfe1 Rd8 18. Nc2 Rxd1 19. Rxd1 Be6 20. Nb4 Qc3 21. Qxc3 Bxc3 22. Nd5 Bxd5 23. Rxd5 Kf8 24. Rd7 b6 {[%emt 0:00:00]} 25. Kf1 {[%emt 0:00:00]} a5 {[%emt 0:44:01]} 26. Ke2 {[%emt 0:01:02]} Rc8 {[%emt 0:01:33]} 27. Kd3 {[%emt 0:01:02]} Be1 {[%emt 0:00:28]} 28. Ke2 {[%emt 0:00:24]} Bb4 {[%emt 0:00:40]} 29. h4 {[%emt 0:00:00]} Ke8 {[%emt 0:00:00]} 30. Rd5 {[%emt 0:00:00]} Rd8 {[%emt 0:00:00]} 1/2-1/2

[Event "29. Klatovy A 2023"]
[Site "Klatovy"]
[Date "2023.07.03"]
[Round "3.19"]
[White "Folkova, Martina"]
[Black "Kroulik, Vaclav"]
[Result "1-0"]
[WhiteElo "2030"]
[BlackElo "1750"]
[PlyCount "69"]
[EventDate "2023.07.01"]
[EventType "swiss"]
[EventRounds "9"]
[EventCountry "CZE"]

1. e4 c5 2. Nf3 e6 3. d4 cxd4 4. Nxd4 a6 5. Bd3 Nf6 6. O-O Qc7 7. Qe2 d6 8. a4 Be7 9. Nc3 b6 10. f4 Bb7 11. Kh1 h5 12. Bd2 Nbd7 13. Rae1 Nc5 14. Nf3 O-O-O 15. b4 Nxd3 16. cxd3 Kb8 17. Rc1 Qd7 18. Be3 Rc8 19. Bxb6 Rc6 20. Bd4 Rhc8 21. Qb2 Rxc3 22. Rxc3 Rxc3 23. Qxc3 Qxa4 24. Rc1 Ne8 25. Bg1 Qd7 26. b5 Nc7 27. bxa6 Nxa6 28. Qxg7 Bd8 29. Ng5 Bxg5 30. Qxg5 Nc7 31. Qxh5 d5 32. Qh8+ Bc8 33. Qe5 Kb7 34. Qd4 Nb5 35. Qb6+ 1-0

[Event "29. Klatovy A 2023"]
[Site "Klatovy"]
[Date "2023.07.03"]
[Round "3.21"]
[White "Kishore, Kumar Jaganathan"]
[Black "Holy, Filip"]
[Result "1-0"]
[WhiteElo "1931"]
[BlackElo "2129"]
[PlyCount "55"]
[EventDate "2023.07.01"]
[EventType "swiss"]
[EventRounds "9"]
[EventCountry "CZE"]

1. d4 d5 2. c4 c6 3. Nf3 Nf6 4. g3 Bf5 5. Nc3 e6 6. Nh4 Be4 7. f3 Bg6 8. Qb3 Qb6 9. c5 Qc7 10. Bf4 Qc8 11. O-O-O Be7 12. e4 O-O 13. Be2 Nbd7 14. Nxg6 hxg6 15. g4 b6 16. cxb6 axb6 17. h4 b5 18. a3 b4 19. axb4 Qb7 20. Kc2 Bxb4 21. Bd6 c5 22. dxc5 Rfc8 23. Rd4 Rab8 24. Bxb8 Rxb8 25. c6 Qb6 26. Rxb4 Qxb4 27. Qxb4 Rxb4 28. cxd7 1-0

[Event "29. Klatovy A 2023"]
[Site "Klatovy"]
[Date "2023.07.03"]
[Round "3.22"]
[White "Palek, Miroslav"]
[Black "Hosnedl, Jiri"]
[Result "1-0"]
[WhiteElo "2091"]
[BlackElo "1858"]
[PlyCount "39"]
[EventDate "2023.07.01"]
[EventType "swiss"]
[EventRounds "9"]
[EventCountry "CZE"]

1. c4 e5 2. Nc3 Nc6 3. g3 h5 4. d3 Bb4 5. Bg2 Nge7 6. Bd2 d6 7. Nf3 Ng6 8. h4 Bg4 9. a3 Bxc3 10. bxc3 f5 11. Ng5 f4 12. Rb1 Bc8 13. Bd5 Rf8 14. Bf3 Rh8 15. e3 fxg3 16. fxg3 Nge7 17. Bxh5+ g6 18. Bg4 Nf5 19. e4 Ng7 20. O-O 1-0

[Event "29. Klatovy A 2023"]
[Site "Klatovy"]
[Date "2023.07.03"]
[Round "3.23"]
[White "Martirosyan, David"]
[Black "Matejovsky, Ondrej"]
[Result "1-0"]
[WhiteElo "1997"]
[BlackElo "1928"]
[PlyCount "81"]
[EventDate "2023.07.01"]
[EventType "swiss"]
[EventRounds "9"]
[EventCountry "CZE"]

1. d4 d5 2. c4 e6 3. Nc3 Nf6 4. cxd5 exd5 5. Bg5 Be7 6. e3 O-O 7. Qc2 c6 8. Bd3 Nbd7 9. Nge2 Re8 10. O-O Nf8 11. f3 h6 12. Bh4 N6h7 13. Bf2 Bd6 14. Ng3 Bxg3 15. hxg3 Nf6 16. Kh2 Qd6 17. Rh1 Bd7 18. Kg1 Ne6 19. g4 Re7 20. Ne2 Ng5 21. a3 Ree8 22. Ng3 Rac8 23. Rc1 Qb8 24. Nf5 Bxf5 25. Bxf5 Rcd8 26. Qd2 Re7 27. Bh4 Rde8 28. Re1 Qd6 29. Kf2 b6 30. Bg3 Qd8 31. Qc3 g6 32. Bd3 Qd7 33. Be5 Re6 34. Rxh6 Kf8 35. Reh1 Ke7 36. R6h4 Ng8 37. Bf4 Kf6 38. Qc2 R6e7 39. Be5+ Ke6 40. Bf5+ gxf5 41. Qxf5# 1-0

[Event "29. Klatovy A 2023"]
[Site "Klatovy"]
[Date "2023.07.03"]
[Round "3.24"]
[White "Zadrapova, Amalie"]
[Black "Zhang, Brian"]
[Result "0-1"]
[WhiteElo "1789"]
[BlackElo "1966"]
[PlyCount "90"]
[EventDate "2023.07.01"]
[EventType "swiss"]
[EventRounds "9"]
[EventCountry "CZE"]

1. e4 c5 2. Nf3 d6 3. d4 cxd4 4. Nxd4 Nf6 5. Nc3 a6 6. Bg5 e6 7. f4 Be7 8. Qf3 Qc7 9. O-O-O Nbd7 10. g4 b5 11. Bxf6 Nxf6 12. g5 Nd7 13. f5 O-O 14. f6 gxf6 15. gxf6 Bxf6 16. Rg1+ Kh8 17. Rg3 Be5 18. Rh3 b4 19. Bxa6 Nf6 20. Ncb5 Qc5 21. Bxc8 Rfxc8 22. Kb1 Ra5 23. Qf1 Rxb5 24. Qxb5 Bxd4 25. Qxc5 Bxc5 26. Re1 Rg8 27. a4 bxa3 28. bxa3 Nd7 29. Rb3 Ne5 30. Rf1 Ra8 31. Ka2 Ra4 32. Rf4 f5 33. Rh4 Rxe4 34. Rhh3 Nf7 35. Rhg3 Rg4 36. Rb8+ Kg7 37. a4 Rxg3 38. hxg3 e5 39. Kb3 f4 40. gxf4 exf4 41. Kc3 f3 42. Kd2 f2 43. Ke2 Ng5 44. a5 Ne4 45. Rb3 f1=Q+ 0-1